00258 a2200109 450000100060000008200150000610000160002124500650003725000060010226000290010830000110013782518 a532.05 WAR aWarsi,Z.U.A aFluid Dynamics: Theoretical and computational approaches,3/e a3 aNYbTaylor&Francisc2005 a868 p.